01720nam a2200313 4500001000400000003000400004005001700008008004100025020001500066040000800081041001300089082001800102100003600120240002700156245007900183260003500262300001100297520078500308650002601093650002401119650001401143650001801157655001601175655002001191700003301211942001501244952013401259999001301393195OSt20250528074014.0250203b |||||||g |||| 00| 1 eng d a857302318X bpor hrusapor a891.73bD326e1 aDejnióv, Nikolai.d1962-9358 aIn concert Performance aEm ritmo de concerto /cDejnióv, Nikolai ; Tradução de Paulo Bezerra aRio de JaneirobObjetivac2001 a333 p. aUma bem humorada história de amor na Moscou dos dias de hoje. Uma brilhante sátira sóciopolítica. Uma história de enredo fantástico e narrativa envolvente. Lucário é um anjo que volta a Terra para expiar pecados de seu passado. Vivendo como duende na casa de uma velha senhora, vê seu mundo transformar-se quando conhece Ana, a bela sobrinha da mulher. Lucário passará a viver õ maior dos dilemas - seguir o caminho em direção a purificação total de seu espírito ou tomar a forma humana para tentar conquistar o amor de Ana. Em Ritmo de Concerto envolve o leitor com seu enredo fantástico, mas convincente, seguindo a melhor tradição do realismo mágico, sua trama bem desenvolvida e uma narrativa fluente, com pitadas de humor e ironia. 0aLiteratura Russa9195 0aAmor e Paixão925 0aHumor960 0aPolitica9138 0aRomance923 0aFicção 922 aPaulo BezerraeTradutor9359 2ddcn0cBK 00102ddc40708FICaBIBIBbBIBIBcLEd2002-08-27edoaçãol0o891.73 / D326ep2025-0474r2025-01-31 07:47:58w2025-01-31yBK c195d195